000 003520000a22001330004500
020 _a0-8028-8161-0
041 0 _aENG
082 0 4 _aR 220.3 B8685i
245 1 0 _aThe International standard bible encyclopedia / Geoffrey W. Bromiley, Editor.
260 _aGrand Rapids, MI., USA : Eerdmans
650 1 4 _aBIBLIA - DICCIONARIOS
001 51
942 _cBK
999 _c31606
_d31606